| 000 | 01111nam a2200217Ia 4500 | ||
|---|---|---|---|
| 001 | 12372 | ||
| 003 | GE_BSU | ||
| 008 | 181216s||||||||xx |||||||||||||| ||und|| | ||
| 040 | _cGE_BSU | ||
| 080 | _a316(479.22)(09)+32.001(479.22)(09)+34(479.22)(09) | ||
| 100 | _aლობჟანიძე,გივი. | ||
| 245 | _aნარკვევები ქართულ საზოგადოებრივ-პოლიტიკურ მოძღვრებათა ისტორიიდან.I. | ||
| 245 | _cრედ:გიორგი ნადარეიშვილი. | ||
| 260 | _aქუთაისი. | ||
| 260 | _bქუთაისის სააქციო საზ-ბის "სტამბის" საგამომც.ცენტრი. | ||
| 260 | _c1998 | ||
| 300 | _a430გვ;22სმ. | ||
| 300 | _bრეზიუმე რუს.ენაზე. | ||
| 653 | _aნარკვევები ქართულ საზოგადოებრივ-პოლიტიკურ მოძღვრებათა ისტორიიდან.I. | ||
| 942 | _cBK | ||
| 999 |
_c45547 _d45547 |
||